000 01002nas a2200301 4500
001 BR2014006633
003 BR-BrBNA
005 20231205124628.0
007 ta
008 230509b bl.|||p| |||| 00| 00por d
040 _aBR-BrBNA
_bpor
_cBiblioteca Nacional de Agricultura
041 _a(Pt)
072 _aP34
100 1 _aPereira, O.L.
100 1 _aKasuya, M.C.M.
100 1 _aRollemberg, C. de L.
100 1 _aChaer, G.M.
245 1 _aIsolamento e identificação de fungos micorrízicos rizoctonioides associados a três espécies de orquídeas epífitas neotropicais no Brasil
650 _aORQUÍDEA
650 _aBIODIVERSIDADE
650 _aMICOLOGIA
650 _aBIOLOGIA DO SOLO
650 _aMICORRIZA
773 0 _tRevista Brasileira de Ciência do Solo (Brazil)
_xISSN 0100-0683
_g(Mar-Apr 2005), v. 29(2) p. 191-197
_wBR2014006633
856 4 0 _uhttp://www.scielo.br/pdf/rbcs/v29n2/24155.pdf
909 _a202311
_bLúcia
_c55
_dLúcia Elande
942 _2AGRIS
_n0
_cANA
999 _c240064
_d240064